00640pab a2200193 454500008004000000100002100040245009700061260000900158300001300167362001200180650002500192650003100217650001400248773004600262908000600308909001000314999001700324952010500341180718b2008 xxu||||| |||| 00| 0 eng d aSantha, Sunil D. aLocal culture, technological change and riverine fisheries management in Kerala, South India c2008 ap.25-45. aJan-Dec aTechnological change aFisheries - India - Kerala aFisheries aInternational Journal of Rural Management aN a84752 c84752d84752 00104070aIIPAbIIPAd2018-07-19hVolume no: 4, Issue no: 1-2pAR85212r2018-07-19w2018-07-19yAR